| 000 | 01097nas a2200349 4500 | ||
|---|---|---|---|
| 001 | BR2018000482 | ||
| 003 | BR-BrBNA | ||
| 005 | 20231205131240.0 | ||
| 007 | ta | ||
| 008 | 230509b bl.|||p| |||| 00| 00por d | ||
| 040 |
_aBR-BrBNA _bpor _cBiblioteca Nacional de Agricultura |
||
| 041 | _a(En) | ||
| 072 | _aF60; F61 | ||
| 100 | 1 | _aCosta, B.N.S. | |
| 100 | 1 | _aCosta, I. de J.S. | |
| 100 | 1 | _aDias, G. de M.G. | |
| 100 | 1 | _aAssis, F.A. de | |
| 100 | 1 | _aPio, L.A.S. | |
| 100 | 1 | _aSoares, J.D.R. | |
| 100 | 1 | _aPasqual, M. | |
| 245 | 1 | _aMorpho-anatomical and physiological alterations of passion fruit fertilized with silicon | |
| 650 | _aMARACUJÁ | ||
| 650 | _aADUBAÇÃO | ||
| 650 | _aSILÍCIO | ||
| 650 | _aANÁLISE QUÍMICA | ||
| 650 | _aTRANSPIRAÇÃO VEGETAL | ||
| 650 | _aMORFOLOGIA VEGETAL | ||
| 773 | 0 |
_tPesquisa Agropecuária Brasileira (Brazil) _xISSN 1678-3921 _g(Feb 2018), v. 53(2) p. 163-171 _wBR2018000482 |
|
| 856 | 4 | 0 | _uhttp://seer.sct.embrapa.br/index.php/pab/article/view/25356/14080 |
| 909 |
_a202311 _bLúcia _c55 _dLúcia Elande |
||
| 942 |
_2AGRIS _n0 _cANA |
||
| 999 |
_c253789 _d253789 |
||